Mcdo - Burgers en photo - Statistiques

Statistiques générales
  • Ce quiz a été pris 613 fois
    608 depuis la dernière actualisation
  • Le résultat moyen est 13 sur 20
Statistiques - réponses
Par images Réponse % Correct
Big Mac
98%
Happy Meal
95%
Wrap Ranch
94%
Boite à partager (20 nuggets)
93%
Grande Frite
92%
Cheeseburger
87%
Filet o fish
87%
Petite Potatoes
85%
Croque Mcdo
80%
280
79%
McFlurry
77%
McChicken
75%
CBO
69%
Hamburger
66%
Big Tasty
53%
Frites de Légumes
33%
Fruits à croquer
21%
McFirst (Chicken)
20%
McExtreme
14%
Donut Chocolat
13%
Aucun quiz correspondant
Distribution des résultats
% des personnes avec chaque résultat
Percentile par nombre de réponses
Votre historique - résultats
Vous n’avez pas pris ce quiz depuis la dernière actualisation